Estudio de cortocircuito y coordinación de protecciones en CVG ALUNASA

Spremljeno u:
Bibliografski detalji
Glavni autor: Barrantes Quesada, Jean Carlos, 1990-
Daljnji autori: Mora Jiménez, Gonzalo, 1977- Director de Proyecto Eléctrico
Format: Knjiga
Jezik:Spanish
Izdano: [San José], Costa Rica 2014
Teme:
Oznake: Dodaj oznaku
Bez oznaka, Budi prvi tko označuje ovaj zapis!

MARC

LEADER 00000nam a22000007a 4500
003 012054
005 20230628131231.0
008 150219b2014 cr a|||| |||| 00| ||spa d
040 |c cru CEDI 
100 |9 685  |a Barrantes Quesada, Jean Carlos, 1990- 
245 |a Estudio de cortocircuito y coordinación de protecciones en CVG ALUNASA  
260 |a [San José], Costa Rica  |c 2014 
500 |a Proyecto de graduación (bachillerato en ingeniería eléctrica)-- Universidad de Costa Rica. Facultad de Ingeniería. Escuela de Ingeniería Eléctrica 
501 |a Profesor Guía de IE-0499 Proyecto Eléctrico: M.Sc. Gonzalo Mora Jiménez 
610 0 |9 684  |a CVG ALUNASA (COSTA RICA) 
650 |x CIRCUITOS ELECTRICOS   |x CORRIENTES ELECTRICAS   |x CORTACIRCUITOS   |x DISTRIBUCION DE ENERGIA ELECTRICA - PROTECCION   |x SIMULACION POR COMPUTADORA  |9 146 
700 |9 731  |a Mora Jiménez, Gonzalo, 1977-  |d Director de Proyecto Eléctrico 
942 |c CEDI  |h TFG 7220  |6 TFG_7220_000000000000000 
999 |c 13557  |d 13557